| 000 | 00739nam a22001937a 4500 | ||
|---|---|---|---|
| 999 |
_c11171 _d11171 |
||
| 003 | AR-CdUCM | ||
| 008 | 190403b ||||| |||| 00| 0 spa d | ||
| 040 |
_aMUNICIPALIDAD PROVINCIAL DEL CUSCO _cBIBLIOTECA MUNICIPAL DEL CUSCO |
||
| 082 |
_aEP / 372.510 / _bM61 |
||
| 110 |
_aMinisterio de educación. _97870 |
||
| 245 |
_aMatematica : _bTexto escolar básico, primer grado / |
||
| 260 |
_aLima : _bMinisterio de educación, _c1988. |
||
| 300 |
_a153 paginas _c24 cm. |
||
| 505 | _aContenido :Los números naturales menores que 10 -- Los números naturales menores que 20 -- Los números naturales menores que 100 ... | ||
| 650 |
_aEducación primaria _91561 |
||
| 650 |
_aMatemática pura _920304 |
||
| 942 |
_2ddc _cLIBROS |
||
| 945 | _arum | ||